000 00348nam a2200145Ia 4500
008 230917s9999||||xx |||||||||||||| ||und||
040 _e128785
_aMAIN
041 _aEnglish
082 _a621 S84E
100 _aSatya Prakash
245 0 _aEngineering Physics. V1
260 _aMeerut
_bPragati Prakashan
_c2007
300 _a504 p.
942 _cBK
999 _c140991
_d140991